000 01220nam a2200205Ia 4500
003 Ost
005 20260507075113.0
008 260507s9999||||xx |||||||||||||| ||und||
040 _cfsecg
041 _aara
082 _a600
100 _aالأشوح، زينب صالح
_eمؤلف
245 0 _aفي الإنتاج المنزلي تكمن حلول..و..حلول /
_c زينب صالح الأشوح
260 _aالاسكندرية:
_bالدار الجامعية,
_c2000
300 _a492 صفحة؛
_bإيضاحات ؛
_c24 سم
504 _aالملاحق:ص.439-446؛ببليوغرافيا:ص.455-474
520 _aبعض الشركات النسائية الأمريكية الكبرى التي بدأ نشاطها في المنزل،توزيع الوحدات السكنية حسب أوجه الاستخدام (حضر مصر)،توزيع الوحدات السكنية حسب أوجه الاستخدام (ريف مصر،أهم نتائج الحالات المستفيدة من مشروع الأسر المنتجة في منطقة مدينة نصر،أهم نتائج مقابلة المسئولية عن خدمات الأسر المنتجة
653 _aالاقتصاد المنزلي
942 _cكتاب
999 _c42961
_d42961